[Event "TUR-chT2"]
[Site "Konya"]
[Date "2014.06.27"]
[Round "7.5"]
[White "Rzayev, Bahruz Iqbal Oglu"]
[Black "Catalkilic, Ozgur"]
[Result "1-0"]
[WhiteElo "2425"]
[BlackElo "1914"]
[PlyCount "83"]
[EventDate "2014.06.23"]
[EventType "team-swiss"]
[EventRounds "9"]
[EventCountry "TUR"]
[SourceTitle "CBM 161 Extra"]
[Source "ChessBase"]
[SourceDate "2014.08.29"]
[SourceVersion "1"]
[SourceVersionDate "2014.08.29"]
[SourceQuality "1"]
[WhiteTeam "Salihli Sardes"]
[BlackTeam "Gokce"]
[WhiteTeamCountry "TUR"]
[BlackTeamCountry "TUR"]

1. e4 c5 2. Nf3 d6 3. c3 Qa5 4. Bc4 Nf6 5. e5 dxe5 6. Nxe5 e6 7. 0-0 Bd6 8. Qe2 0-0 9. d4 Nbd7 10. Bf4 Nb6 11. Bg3 Rd8 12. Nd2 Qa4 13. Bb3 Qe8 14. Bh4 cxd4 15. Bxf6 gxf6 16. Ng4 Be7 17. Ne4 Kh8 18. Nexf6 Qf8 19. cxd4 Nd7 20. Nh5 Qg8 21. Ne5 Nf8 22. Rad1 f6 23. Nf3 Qg4 24. Ng3 Bd6 25. Ne4 Qg7 26. Nxd6 Rxd6 27. d5 e5 28. Nd2 Ng6 29. g3 Nf4 30. Qb5 Bf5 31. f3 Bd3 32. Qc5 Bxf1 33. Qxd6 Bd3 34. Bc4 Nh3+ 35. Kg2 Nf4+ 36. Kh1 Rg8 37. Bxd3 Nxd3 38. Ne4 Nxb2 39. Rb1 Nc4 40. Qe6 Rd8 41. d6 Qf8 42. Qxc4 1-0

[Event "TUR-chT"]
[Site "Konya"]
[Date "2010.07.02"]
[Round "6"]
[White "Suer, Utku"]
[Black "Catalkilic, Ozgur"]
[Result "0-1"]
[WhiteElo "1793"]
[BlackElo "1962"]
[PlyCount "78"]
[EventDate "2010.06.29"]
[EventType "team-tourn"]
[EventRounds "13"]
[EventCountry "TUR"]
[SourceTitle "CBM 137 Extra"]
[Source "ChessBase"]
[SourceDate "2010.09.01"]
[SourceVersion "1"]
[SourceVersionDate "2010.09.01"]
[SourceQuality "1"]

1. Nf3 Nf6 2. c4 d6 3. d4 g6 4. Nc3 Bg7 5. e4 0-0 6. Be2 e5 7. 0-0 Nbd7 8. Rb1 exd4 9. Nxd4 Nc5 10. Bf3 Nfd7 11. b4 Ne6 12. Nxe6 fxe6 13. Bb2 a5 14. a3 axb4 15. axb4 Ne5 16. Be2 Nc6 17. b5 Nd4 18. f4 b6 19. Bd3 Bd7 20. Ne2 Nxe2+ 21. Bxe2 Qe7 22. Qd3 Ra2 23. Qb3 Rfa8 24. Bg4 R2a3 25. Qc2 Ra2 26. Qb3 Bxb2 27. Rxb2 R2a3 28. Qc2 Qg7 29. Qf2 Ra1 30. Rbb1 R1a2 31. Qh4 Qd4+ 32. Kh1 Ra1 33. Rbe1 Rxe1 34. Qxe1 Qxc4 35. Bf3 Bxb5 36. Rf2 Qd4 37. Rd2 Ra1 38. Bd1 Qxd2 39. Qxd2 Ba4 0-1

[Event "Wch U16"]
[Site "Kemer"]
[Date "2009.11.13"]
[Round "2"]
[White "Kantans, Toms"]
[Black "Catalkilic, Ozgur"]
[Result "1-0"]
[WhiteElo "2281"]
[BlackElo "1981"]
[PlyCount "57"]
[EventDate "2009.11.12"]
[EventType "swiss"]
[EventRounds "11"]
[EventCountry "TUR"]
[SourceTitle "EXT 2010"]
[Source "ChessBase"]
[SourceDate "2010.11.25"]
[SourceVersion "1"]
[SourceVersionDate "2010.11.25"]
[SourceQuality "1"]

1. Nf3 c5 2. d4 Nf6 3. c4 e6 4. Nc3 cxd4 5. Qxd4 Nc6 6. Qd3 Bc5 7. a3 0-0 8. b4 Be7 9. e4 d6 10. Bf4 Nh5 11. Be3 Ne5 12. Nxe5 dxe5 13. Qxd8 Rxd8 14. Nb5 Rd7 15. Nxa7 f5 16. Bb6 fxe4 17. g3 Bg5 18. Ra2 e3 19. fxe3 Nf6 20. Nb5 Ra6 21. c5 Rxb6 22. cxb6 Bxe3 23. Rc2 Rd8 24. Nd6 Bd7 25. Nxb7 Ra8 26. Nc5 Bc6 27. b7 Rb8 28. Na6 Bxh1 29. Rc8+ 1-0

[Event "Wch U16"]
[Site "Kemer"]
[Date "2009.11.12"]
[Round "1"]
[White "Catalkilic, Ozgur"]
[Black "Nestorovic, Lazar"]
[Result "1/2-1/2"]
[WhiteElo "1981"]
[BlackElo "2295"]
[PlyCount "66"]
[EventDate "2009.11.12"]
[EventType "swiss"]
[EventRounds "11"]
[EventCountry "TUR"]
[SourceTitle "EXT 2010"]
[Source "ChessBase"]
[SourceDate "2010.11.25"]
[SourceVersion "1"]
[SourceVersionDate "2010.11.25"]
[SourceQuality "1"]

1. e4 c5 2. Nf3 e6 3. c3 Nf6 4. e5 Nd5 5. d4 cxd4 6. cxd4 Nc6 7. Bc4 d6 8. 0-0 Be7 9. Qe2 0-0 10. Qe4 Ndb4 11. exd6 Qxd6 12. Nc3 Na5 13. Bf4 Qd8 14. Bb5 Bd7 15. Bxd7 Qxd7 16. Ne5 Qd8 17. Rfe1 Rc8 18. Rac1 Bf6 19. a3 Nbc6 20. Rcd1 Ne7 21. d5 exd5 22. Nxd5 Bxe5 23. Bxe5 Nxd5 24. Rxd5 Qb6 25. Bd4 Qc7 26. Rc5 Nc6 27. Bc3 f6 28. Rh5 g6 29. Rh3 Qf7 30. Rhe3 Rcd8 31. h3 Rd7 32. Qf4 a6 33. Rf3 Qd5 1/2-1/2

[Event "Wch U14"]
[Site "Kemer"]
[Date "2007.11.20"]
[Round "3"]
[White "Tilicheev, Viacheslav"]
[Black "Catalkilic, Ozgur"]
[Result "1-0"]
[WhiteElo "2117"]
[BlackElo "1960"]
[PlyCount "65"]
[EventDate "2007.11.18"]
[EventType "swiss"]
[EventRounds "11"]
[EventCountry "TUR"]
[SourceTitle "CBM 121 Extra"]
[Source "ChessBase"]
[SourceDate "2008.01.10"]
[SourceVersion "1"]
[SourceVersionDate "2008.01.10"]
[SourceQuality "1"]

1. e4 c5 2. Nf3 d6 3. d4 cxd4 4. Nxd4 Nf6 5. Nc3 a6 6. h3 e6 7. g4 d5 8. exd5 Nxd5 9. Bd2 Bb4 10. Ne4 0-0 11. c3 Be7 12. c4 Nf6 13. Nxf6+ Bxf6 14. Bc3 Qb6 15. Nb3 Bxc3+ 16. bxc3 Qc7 17. Qe2 e5 18. Qe4 Nd7 19. g5 g6 20. Bg2 Rb8 21. 0-0 Re8 22. f4 Nf8 23. fxe5 Rxe5 24. Qh4 Ne6 25. Nd4 Nxg5 26. Rae1 Rxe1 27. Rxe1 Ne6 28. Bd5 Ng7 29. Re7 Qd8 30. Bxf7+ Kf8 31. Re8+ Qxe8 32. Bxe8 Kxe8 33. Qf6 1-0